| 000 | 01343nam0a2200301 4500 | ||
|---|---|---|---|
| 001 | RU\NLR\bibl\1413281 | ||
| 005 | 20260405214000.0 | ||
| 010 |
_a978-5-5981-87298-3 _91000 |
||
| 035 | _a(NLR Aleph) 001405257 | ||
| 090 |
_a1247919 _c1247919 |
||
| 100 | _a20090414d2009 |||y0rusy50 ca | ||
| 101 | 0 | _arus | |
| 102 | _aRU | ||
| 105 | _ay ||||||||| | ||
| 200 | 1 |
_aРусская семья. "Dans la tourmente dechainee..." _eписьма О.А. Толстой-Воейковой 1927-1930 гг. |
|
| 210 |
_aСанкт-Петербург _cНестор-История _d2009 |
||
| 215 |
_a522, [2] с., [1] отд. л. табл. _d22 |
||
| 225 | 1 | _aПрограмма книгоиздания "Кантемир": благодарная Молдавия - братскому народу Росси | |
| 320 | _aИмен. указ.: с. 510-523 | ||
| 517 | 0 | _aDans la tourmente dechainee... | |
| 600 | 1 |
_aТолстая-Воейкова _bО.А. _f1856 - 1936 _gОльга Александровна _jПереписка _92386283 _3RU\NLR\auth\661423368 |
|
| 686 | _aТ3(2)71-8,013 | ||
| 700 | 1 |
_4070 _7ca _8rus _aТолстая-Воейкова _bО. А. _gОльга Александровна _979897 _3RU\NLR\auth\7796971 |
|
| 801 | 0 |
_aRU _bNLR _c20090414 _gRCR |
|
| 801 | 1 |
_aRU _bNLR _c20090414 |
|
| 942 | _cBOOK | ||
| 980 | _aNB | ||